| 000 | 01102nam a2200241 a 4500 | ||
|---|---|---|---|
| 001 | 44730 | ||
| 003 | BD-RjUL | ||
| 005 | 20211209053916.0 | ||
| 008 | 160720s2000 ii a|||| |||| 00| 0 ben d | ||
| 020 |
_a818547169X _c: IRs. 300.00 |
||
| 035 | _a(BD-RjUL)44848 | ||
| 040 |
_aBD-RjUL _bben _cBD-RjUL |
||
| 041 | _aben | ||
| 082 |
_223 _a891.44109 _bBAJ 2000 |
||
| 100 |
_aবন্দ্যোপাধ্যায়, দেবীপ্রসাদ _9137144 |
||
| 245 | 1 | 0 |
_aজীবনানন্দ দাশ : _bউত্তরপর্ব ১৯৫৪-১৯৬৫ / _cদেবীপ্রসাদ বন্দ্যোপাধ্যায় |
| 260 |
_aকলিকাতা : _bপুস্তক বিপণি, _c২০০০ |
||
| 300 |
_a৫৫২ পৃ. : _bচিত্র ; _c২৪ সেমি. |
||
| 504 | _aগ্রন্থপঞ্জি ও নির্ঘণ্ট সংযুক্ত | ||
| 650 |
_aবাংলা কবিতা _xইতিহাস ও সমালোচনা _9137145 |
||
| 650 |
_aBengali Poetry _xHistory and Criticism _9137146 |
||
| 942 |
_2ddc _cBK |
||
| 999 |
_c44730 _d44730 |
||